| 000 | 00000nam 2200000za 4500 |
| 001 | 9.644313 |
| 003 | CaOODSP |
| 005 | 20250506145324 |
| 007 | cr ||||||||||| |
| 008 | 150407s1963||||xxca|||#o f000 0 fre d |
| 040 | |aCaOODSP|bfre |
| 043 | |an-cn--- |
| 086 | 1 |aA43-924/1963F-PDF |
| 100 | 1 |aMacNay, C. G. |q(C. Graham) |
| 245 | 10|aRépression des blattes (coquerelles) |h[ressource électronique] / |c[C. Graham MacNay]. |
| 250 | |aRév. |
| 260 | |aOttawa : |bAgriculture Canada, |c1963. |
| 300 | |a11 p. : |bill. |
| 500 | |aPublication historique numérisée par Agriculture et Agroalimentaire Canada. |
| 590 | |a15-03-Supp|b2015-03-13 |
| 710 | 1 |aCanada.|bAgriculture Canada. |
| 856 | 40|ahttp://publications.gc.ca|qPDF|s834 Ko|uhttps://publications.gc.ca/collections/collection_2015/aac-aafc/A43-924-1963-fra.pdf |
| 986 | |aPublication 924 |